=LDR 00000nam 2200000 4500 =001 INLIS000000000016230 =005 20130612111511 =008 ***********************************Ind** =035 ##$$0010-061300000016230 =041 ##$$a Ind =082 ##$$a 635.9 =090 ##$$a 635.9, Suw m =100 ##$$a Suwito M., DS =245 ##$$a Memanfaatkan pekarangan, DS. Soewito M =260 ##$$a 21 cm $b Jakarta =300 ##$$a 71 hlm., ilus., 21 cm =650 ##$$a Bunga dan taman hias =850 ##$$a NBPNMAT